Statistics for 10 Largest Lakes in Asia

Click here to take the quiz!

General Stats

  • This quiz has been taken 24 times
  • The average score is 5 of 10

Answer Stats

World Rank Area (sq mi) Country(s) Answer % Correct
1.143,000Iran, Turkmenistan, Kazakhstan, Russia, AzerbaijanCaspian
100%
7.12,200RussiaBaikal
89%
15.6,300KazakhstanBalkhash
68%
24.2,400KyrgyzstanYssyk
42%
40.1,450TurkeyVan
42%
25.2,317IranUrmia
37%
34.1,733ChinaQinghai
37%
37.1,620China, RussiaKhanka
37%
21.2,700RussiaTaymyr
26%
38.1,527Uzbekistan, TurkmenistanSarygamysh
21%

Score Distribution

Percentile by Number Answered

Percent of People with Each Score

Your Score History

You have not taken this quiz